000 00424nam a2200169Ia 4500
003 GCL
008 140319s9999 xx 000 0 eng d
040 _aGCL /
_cGCL
082 0 4 _a957.025
_bP H
100 1 _aPAUL, JEAN
245 1 0 _aHISTOIRE DE L'EMPIRE MONGOL /
_cPAUL, JEAN
260 _a[S.N] :
_bLIBRAIRE GENERALE FRANCAISE ،
_c1995
300 _a597 P
650 0 4 _aHISTORY
650 0 4 _aMONGOL
942 _2ddc
_cBK
999 _c23268
_d23268